Statistics for United Kingdom or Great Britain?

Click here to take the quiz!

General Stats

  • This quiz has been taken 131 times
  • The average score is 8 of 15

Answer Stats

HintAnswer% Correct
Which one...United Kingdom
74%
Which one...United Kingdom
74%
Which one...United Kingdom
67%
Which one...Neither
62%
Which one...Great Britain
59%
Which one...United Kingdom
58%
Which one...United Kingdom
58%
Which one...Neither
57%
Which one...Great Britain
50%
Which one...Both
49%
Which one...Great Britain
48%
Which one...Neither
46%
Which one...Both
43%
Which one...United Kingdom
42%
Which one...Great Britain
39%

Score Distribution

Percentile by Number Answered

Percent of People with Each Score

Your Score History

You have not taken this quiz